Polskie kluby piłkarskie Ekstraklasa - 3 liga (2023/24) - Statystyki

Ogólne statystyki
  • Ten quiz został rozwiązany 137 razy
  • Średni wynik to 53 z 126
Statystyki odpowiedzi
Liga
Klub
% Poprawnych
Ekstraklasa Legia Warszawa
98%
Ekstraklasa Lech Poznań
96%
Ekstraklasa Łks Łódź
91%
Ekstraklasa Jagiellonia Białystok
89%
Ekstraklasa Ruch Chorzów
89%
Ekstraklasa Warta Poznań
89%
Ekstraklasa Cracovia
88%
Ekstraklasa Pogoń Szczecin
88%
Ekstraklasa Stal Mielec
88%
I liga Wisła Kraków
87%
Ekstraklasa Korona Kielce
86%
Ekstraklasa Raków Częstochowa
86%
Ekstraklasa Piast Gliwice
85%
Ekstraklasa Widzew Łódź
85%
Ekstraklasa Zagłębie Lubin
85%
Ekstraklasa Górnik Zabrze
84%
I liga Lechia Gdańsk
84%
I liga Arka Gdynia
83%
I liga Motor Lublin
83%
Ekstraklasa Śląsk Wrocław
83%
Ekstraklasa Puszcza Niepołomice
81%
Ekstraklasa Radomiak Radom
80%
I liga Wisła Płock
80%
I liga Zagłębie Sosnowiec
79%
I liga GKS Katowice
78%
I liga Polonia Warszawa
78%
I liga Stal Rzeszów
77%
I liga Resovia
75%
I liga GKS Tychy
74%
I liga Odra Opole
73%
I liga Miedź Legnica
70%
I liga Podbeskidzie Bielsko-Biała
70%
I liga Górnik Łęczna
68%
I liga Znicz Pruszków
64%
I liga Bruk-Bet Termalica Nieciecza
63%
II liga Stomil Olsztyn
62%
I liga Chrobry Głogów
60%
II liga Kotwica Kołobrzeg
60%
II liga Polonia Bytom
60%
II liga Sandecja Nowy Sącz
57%
II liga Hutnik Kraków
55%
II liga KKS Kalisz
55%
II liga Olimpia Elbląg
55%
III liga (gr.2) Zawisza Bydgoszcz
55%
II liga Pogoń Siedlce
54%
III liga (gr.4) Wieczysta Kraków
54%
II liga Chojniczanka Chojnice
53%
III liga (gr.2) Elana Toruń
53%
II liga Stal Stalowa Wola
50%
II liga Skra Częstochowa
47%
III liga (gr.4) Garbarnia Kraków
45%
II liga Olimpia Grudziądz
45%
II liga GKS Jastrzębie
44%
II liga Wisła Puławy
43%
II liga Lech II Poznań
42%
III liga (gr.1) GKS Bełchatów
41%
III liga (gr.3) Rekord Bielsko-Biała
39%
II liga Zagłębie II Lubin
39%
III liga (gr.1) Legia II Warszawa
38%
III liga (gr.1) Pogoń Grodzisk Mazowiecki
37%
III liga (gr.3) Lechia Zielona Góra
35%
III liga (gr.3) Ślask II Wrocław
35%
III liga (gr.4) KSZO Ostrowiec Świętokrzyski
34%
II liga ŁKS II Łódź
34%
III liga (gr.4) Siarka Tarnobrzeg
34%
II liga Radunia Stężyca
33%
III liga (gr.4) Unia Tarnów
32%
III liga (gr.4) Avia Świdnik
29%
III liga (gr.3) Górnik II Zabrze
28%
III liga (gr.1) Jagiellonia II Białystok
28%
III liga (gr.4) Wisłoka Dębica
28%
III liga (gr.2) Pogoń II Szczecin
27%
III liga (gr.1) Unia Skierniewice
27%
III liga (gr.3) Górnik Polkowice
26%
III liga (gr.1) ŁKS Łomża
26%
III liga (gr.2) Świt Skolwin
26%
III liga (gr.1) Broń Radom
25%
III liga (gr.3) Raków II Częstochowa
25%
III liga (gr.4) Karpaty Krosno
24%
III liga (gr.4) Podhale Nowy Targ
23%
III liga (gr.3) Ślęza Wrocław
23%
III liga (gr.1) Legionovia Legionowo
22%
III liga (gr.3) MKS Kluczbork
22%
III liga (gr.3) Stilon Gorzów Wielkopolski
22%
III liga (gr.2) Błękitni Stargard
20%
III liga (gr.2) Flota Świnoujście
20%
III liga (gr.1) Lechia Tomaszów Mazowiecki
20%
III liga (gr.1) Olimpia Zambrów
20%
III liga (gr.3) LKS Goczałkowice Zdrój
18%
III liga (gr.3) Carina Gubin
17%
III liga (gr.4) Chełmianka Chełm
17%
III liga (gr.1) Concordia Elbląg
17%
III liga (gr.2) Gedania Gdańsk
17%
III liga (gr.4) Podlasie Biała Podlaska
16%
III liga (gr.4) Świdniczanka Świdnik
16%
III liga (gr.3) Warta Gorzów Wielkopolski
16%
III liga (gr.2) Polonia Środa Wielkopolska
15%
III liga (gr.1) Mławianka Mława
14%
III liga (gr.4) Orlęta Radzyń Podlaski
14%
III liga (gr.4) Star Starachowice
14%
III liga (gr.3) Karkonosze Jelenia Góra
13%
III liga (gr.4) KS Wiązownica
13%
III liga (gr.1) Świt Nowy Dwór Mazowiecki
13%
III liga (gr.2) Unia Swarzędz
13%
III liga (gr.2) Vineta Wolin
13%
III liga (gr.1) Pelikan Łowicz
12%
III liga (gr.2) Sokół Kleczew
12%
III liga (gr.4) Sokół Sieniawa
12%
III liga (gr.3) Gwarek Tarnowskie Góry
11%
III liga (gr.1) Victoria Sulejówek
11%
III liga (gr.2) Stolem Gniewino
10%
III liga (gr.1) Warta Sieradz
10%
III liga (gr.2) Cartusia Kartuzy
9%
III liga (gr.4) Czarni Połaniec
9%
III liga (gr.1) GKS Wikielec
8%
III liga (gr.2) KP Starogard Gdański
8%
III liga (gr.1) Pilica Białobrzegi
8%
III liga (gr.3) Unia Turza Śląska
8%
III liga (gr.2) Wikęd Luzino
8%
III liga (gr.2) Unia Solec Kujawski
7%
III liga (gr.2) Noteć Czarnków
6%
III liga (gr.3) Odra Bytom Odrzański
6%
III liga (gr.2) Pogoń Nowe Skalmierzyce
6%
III liga (gr.4) Wiślanie Jaśkowice
6%
III liga (gr.3) LZS Starowice Dolne
4%
III liga (gr.3) Pniówek Pawłowice Śląskie
2%
Nie znaleziono quizów pasujących do podanych kryteriów
Rozkład punktacji
Procent ludzi z każdym wynikiem
Percentyl według liczby udzielonych odpowiedzi
Twoja historia wyników
Nie rozwiązałeś tego quizu